<?xml version="1.0" encoding="UTF-8"?>
<record
    xmlns:xsi="http://www.w3.org/2001/XMLSchema-instance"
    xsi:schemaLocation="http://www.loc.gov/MARC21/slim http://www.loc.gov/standards/marcxml/schema/MARC21slim.xsd"
    xmlns="http://www.loc.gov/MARC21/slim">

  <leader>     nam a22     7a 4500</leader>
  <datafield tag="999" ind1=" " ind2=" ">
    <subfield code="c">259225</subfield>
    <subfield code="d">259225</subfield>
  </datafield>
  <controlfield tag="003">IT-MiCISF</controlfield>
  <controlfield tag="008">161222b        xxu||||| |||| 00| 0 eng d</controlfield>
  <datafield tag="040" ind1=" " ind2=" ">
    <subfield code="c">IT-MiCISF</subfield>
  </datafield>
  <datafield tag="041" ind1=" " ind2=" ">
    <subfield code="a">it</subfield>
  </datafield>
  <datafield tag="100" ind1=" " ind2=" ">
    <subfield code="a">Di Nicola Giulia Paola, Danese Attilio</subfield>
    <subfield code="9">56114</subfield>
  </datafield>
  <datafield tag="245" ind1=" " ind2=" ">
    <subfield code="a">Il buio sconfitto</subfield>
    <subfield code="b">Cinque relazioni speciali tra eros e amicizia spirituale</subfield>
  </datafield>
  <datafield tag="260" ind1=" " ind2=" ">
    <subfield code="a">Cantalupa (TO)</subfield>
    <subfield code="b">Effat&#xE0; Editrice</subfield>
    <subfield code="c">2016</subfield>
  </datafield>
  <datafield tag="300" ind1=" " ind2=" ">
    <subfield code="a">pp. 333</subfield>
  </datafield>
  <datafield tag="500" ind1=" " ind2=" ">
    <subfield code="a">coppia, relazione-di-coppia, spiritualit&#xE0;-coniugale, storia</subfield>
  </datafield>
  <datafield tag="520" ind1=" " ind2=" ">
    <subfield code="a">Alcune coppie hanno assecondato il fascino dell&#x2019;attrazione reciproca e al contempo si sono impegnate in un cammino verso la perfezione dell&#x2019;amore fedele e donativo. Hanno percepito la bellezza unica di quel &#xAB;tu&#xBB; incontrato sulla loro strada e aderito alla promessa di ulteriorit&#xE0; implicita in quel richiamo, accettando il travaglio dell&#x2019;unit&#xE0;, oltre le differenze di temperamento, di cultura, di sensibilit&#xE0; spirituale e anche oltre i pregiudizi e i moralismi dell&#x2019;ambiente. La vita non ha risparmiato loro conflitti e sofferenze, ma non hanno ceduto alla tentazione di mollare; hanno creduto nell&#x2019;amore, custodendo il dono del misterioso legame. Percorrendo itinerari diversi, hanno attraversato, singolarmente e insieme, la notte dei sensi, dell&#x2019;anima, della disunit&#xE0;, fino a sconfiggere il buio e vivere quell&#x2019;&#xAB;estasi&#xBB; che non &#xE8; sinonimo di ebbrezza, ma esodo dall&#x2019;io per ritrovarsi uniti nella luce del Cristo. Le cinque coppie presentate in questo denso volume sono: Charlotte Baudoin e Charles P&#xE9;guy; Ra&#xEF;ssa Ouman&#xE7;off e Jacques Maritain; Francesca Romani e Alcide De Gasperi; Mya Salvati e Igino Giordani; Adrienne von Speyr e Hans Urs von Baltha</subfield>
  </datafield>
  <datafield tag="650" ind1=" " ind2=" ">
    <subfield code="a">coppia</subfield>
    <subfield code="9">56068</subfield>
  </datafield>
  <datafield tag="654" ind1=" " ind2=" ">
    <subfield code="a">saggio</subfield>
  </datafield>
  <datafield tag="942" ind1=" " ind2=" ">
    <subfield code="2">ddc</subfield>
    <subfield code="c">BK</subfield>
  </datafield>
  <datafield tag="952" ind1=" " ind2=" ">
    <subfield code="0">0</subfield>
    <subfield code="1">0</subfield>
    <subfield code="2">ddc</subfield>
    <subfield code="4">0</subfield>
    <subfield code="6">B_7277_000000000000000</subfield>
    <subfield code="7">1</subfield>
    <subfield code="a">CISF</subfield>
    <subfield code="b">CISF</subfield>
    <subfield code="d">2016-12-22</subfield>
    <subfield code="l">0</subfield>
    <subfield code="o">b7277</subfield>
    <subfield code="p">9788869291258</subfield>
    <subfield code="r">2016-12-22 00:00:00</subfield>
    <subfield code="w">2016-12-22</subfield>
    <subfield code="y">BK</subfield>
  </datafield>
</record>
